|
|
|
|
| LEADER |
01980nam a2200505 i 4500 |
| 001 |
nkc20213325718 |
| 003 |
CZ PrNK |
| 005 |
20211201133353.0 |
| 007 |
ta |
| 008 |
210527s2020 xr a e c 000 0dcze |
| 020 |
|
|
|a 978-80-87069-79-0
|q (skládanka)
|
| 040 |
|
|
|a BOA001
|b cze
|e rda
|
| 043 |
|
|
|a e-xr---
|
| 045 |
|
|
|a x9y1
|
| 072 |
|
7 |
|a 77
|x Fotografie. Fotografické postupy
|2 Konspekt
|9 21
|
| 080 |
|
|
|a 77.04
|2 MRF
|
| 080 |
|
|
|a 77.067
|2 MRF
|
| 080 |
|
|
|a (437.3)
|2 MRF
|
| 080 |
|
|
|a (083.824)
|2 MRF
|
| 100 |
1 |
|
|a Němeček, Rudolf,
|d 1949-
|7 jn99240000804
|4 pht
|
| 245 |
1 |
0 |
|a Rudolf Němeček :
|b nahlédnutí : fotografie z let 1999-2019 /
|c úvod: Čestmír Brandejs
|
| 246 |
3 |
0 |
|a Nahlédnutí
|
| 264 |
|
1 |
|a V Náchodě :
|b GVUN,
|c 2020
|
| 300 |
|
|
|a 8 nečíslovaných stran :
|b barevné ilustrace ;
|c 21 cm
|
| 336 |
|
|
|a text
|b txt
|2 rdacontent
|
| 336 |
|
|
|a statický obraz
|b sti
|2 rdacontent
|
| 337 |
|
|
|a bez média
|b n
|2 rdamedia
|
| 338 |
|
|
|a svazek
|b nc
|2 rdacarrier
|
| 500 |
|
|
|a Katalog ke stejnojmenné výstavě konané v Galerii výtvarného umění v Náchodě, zámecká jízdárna, 22.2.-13.4.2020
|
| 500 |
|
|
|a Životopisná data a přehled výstav
|
| 500 |
|
|
|a 700 výtisků
|
| 600 |
1 |
7 |
|a Němeček, Rudolf,
|d 1949-
|7 jn99240000804
|2 czenas
|
| 648 |
|
4 |
|a 1999-2019
|
| 648 |
|
7 |
|a 20.-21. století
|7 ch462155
|2 czenas
|
| 650 |
0 |
7 |
|a umělecká fotografie
|7 ph126879
|z Česko
|y 20.-21. století
|2 czenas
|
| 650 |
0 |
7 |
|a barevná fotografie
|7 ph166508
|z Česko
|y 20.-21. století
|2 czenas
|
| 655 |
|
7 |
|a katalogy výstav
|7 fd132536
|2 czenas
|
| 700 |
1 |
|
|a Brandejs, Čestmír,
|d 1944-
|7 jn20000400254
|4 wfw
|
| 710 |
2 |
|
|a Galerie výtvarného umění (Náchod, Česko).
|b Zámecká jízdárna
|7 mzk2014810359
|4 orm
|
| 910 |
2 |
|
|a BOA001
|b 2-1468.709
|
| 928 |
9 |
|
|a Galerie výtvarného umění v Náchodě
|
| 990 |
|
|
|a BK
|
| 995 |
|
|
|a 61
|
| 991 |
|
|
|b 202106
|c NOV
|
| 996 |
6 |
|
|b 2610869563
|c 2-1468.709
|l MZK
|r Sklad / do 1 hodiny
|n 0
|p p.v.
|w 001854613
|u 000010
|a 1
|e BOA001
|j MZK50
|s P
|